[Event "Stay Safe Play From Home 277"]
[Site "Emanuel Lasker Arena"]
[Date "2020.07.05"]
[Round "8"]
[White "Rogan"]
[Black "Indianquant"]
[Result "1-0"]
[WhiteElo "2232"]
[BlackElo "2282"]
[PlyCount "85"]
[EventDate "2020.07.05"]
[EventType "swiss (blitz)"]

1. d4 {[%emt 0:00:03]} Nf6 {[%emt 0:00:01]} 2. c3 {[%emt 0:00:00]} e6 {[%emt 0:00:01]} 3. Bg5 {[%emt 0:00:00]} b6 {[%emt 0:00:00]} 4. e3 {[%emt 0:00:00]} Bb7 {[%emt 0:00:01]} 5. f4 {[%emt 0:00:00]} h6 {[%emt 0:00:01]} 6. Bh4 {[%emt 0:00:01]} d6 {[%emt 0:00:00]} 7. Nf3 {[%emt 0:00:00]} Nbd7 {[%emt 0:00:01]} 8. Bd3 {[%emt 0:00:00]} Be7 {[%emt 0:00:01]} 9. O-O {[%emt 0:00:00]} c5 {[%emt 0:00:00]} 10. Nbd2 {[%emt 0:00:01]} Qc7 {[%emt 0:00:00]} 11. Qe2 {[%emt 0:00:01]} g6 {[%emt 0:00:06]} 12. a4 {[%emt 0:00:03]} Nh5 {[%emt 0:00:01]} 13. Be4 {[%emt 0:00:05]} d5 {[%emt 0:00:02]} 14. Bxe7 {[%emt 0:00:01]} dxe4 {[%emt 0:00:01]} 15. Ne5 {[%emt 0:00:09]} Kxe7 {[%emt 0:00:03]} 16. Ndc4 {[%emt 0:00:01]} Nhf6 {[%emt 0:00:05]} 17. g4 {[%emt 0:00:02]} Rad8 {[%emt 0:00:02]} 18. a5 {[%emt 0:00:02]} b5 {[%emt 0:00:03]} 19. Nxd7 {[%emt 0:00:00]} Nxd7 {[%emt 0:00:06]} 20. Ne5 {[%emt 0:00:00]} Nf6 {[%emt 0:00:04]} 21. Qxb5 {[%emt 0:00:01]} Rd6 {[%emt 0:00:05]} 22. a6 {[%emt 0:00:01]} Ba8 {[%emt 0:00:02]} 23. dxc5 {[%emt 0:00:02]} Rd5 {[%emt 0:00:01]} 24. b4 {[%emt 0:00:01]} Rb8 {[%emt 0:00:01]} 25. Qc4 {[%emt 0:00:01]} Rxe5 {[%emt 0:00:01]} 26. fxe5 {[%emt 0:00:01]} Qxe5 {[%emt 0:00:00]} 27. Rad1 {[%emt 0:00:03]} Bd5 {[%emt 0:00:01]} 28. Qd4 {[%emt 0:00:02]} Qxd4 {[%emt 0:00:00]} 29. exd4 {[%emt 0:00:04]} Nxg4 {[%emt 0:00:00]} 30. Rfe1 {[%emt 0:00:02]} f5 {[%emt 0:00:01]} 31. Rc1 {[%emt 0:00:01]} f4 {[%emt 0:00:02]} 32. c4 {[%emt 0:00:00]} Ba8 {[%emt 0:00:01]} 33. b5 {[%emt 0:00:00]} Ne3 {[%emt 0:00:01]} 34. c6 {[%emt 0:00:01]} Kd6 {[%emt 0:00:01]} 35. Rxe3 {[%emt 0:00:01]} fxe3 {[%emt 0:00:01]} 36. Re1 {[%emt 0:00:00]} e5 {[%emt 0:00:01]} 37. Rxe3 {[%emt 0:00:00]} exd4 {[%emt 0:00:00]} 38. Rxe4 {[%emt 0:00:00]} Kc5 {[%emt 0:00:00]} 39. c7 {[%emt 0:00:01]} Rc8 {[%emt 0:00:01]} 40. Re7 {[%emt 0:00:00]} Kxc4 {[%emt 0:00:00]} 41. Rd7 {[%emt 0:00:00]} d3 {[%emt 0:00:00]} 42. Rd8 {[%emt 0:00:00]} Kc3 {[%emt 0:00:00] '} 43. Rxc8 {[%emt 0:00:01] (Lag: Av=0.77s, max=0.9s)} 1-0

[Event "Stay Safe Play From Home 277"]
[Site "Emanuel Lasker Arena"]
[Date "2020.07.05"]
[Round "8"]
[White "SoulofWolf"]
[Black "Mepe_Nika"]
[Result "0-1"]
[WhiteElo "2152"]
[BlackElo "2347"]
[PlyCount "86"]
[EventDate "2020.07.05"]
[EventType "swiss (blitz)"]

1. f4 {[%emt 0:00:01]} d5 {[%emt 0:00:02]} 2. d3 {[%emt 0:00:00]} Nc6 {[%emt 0:00:03]} 3. Nf3 {[%emt 0:00:00]} Bd7 {[%emt 0:00:01]} 4. h3 {[%emt 0:00:01]} f6 {[%emt 0:00:01]} 5. g4 {[%emt 0:00:01]} Nh6 {[%emt 0:00:00]} 6. Bg2 {[%emt 0:00:01]} Nf7 {[%emt 0:00:00]} 7. e4 {[%emt 0:00:01]} dxe4 {[%emt 0:00:02]} 8. dxe4 {[%emt 0:00:00]} e5 {[%emt 0:00:00]} 9. f5 {[%emt 0:00:01]} Qe7 {[%emt 0:00:00]} 10. Bd2 {[%emt 0:00:00]} O-O-O {[%emt 0:00:01]} 11. Nc3 {[%emt 0:00:00]} h5 {[%emt 0:00:01]} 12. Qb1 {[%emt 0:00:00]} hxg4 {[%emt 0:00:01]} 13. hxg4 {[%emt 0:00:00]} Rxh1+ {[%emt 0:00:01]} 14. Bxh1 {[%emt 0:00:00]} g6 {[%emt 0:00:01]} 15. Kf2 {[%emt 0:00:02]} Bg7 {[%emt 0:00:01]} 16. Be3 {[%emt 0:00:01]} gxf5 {[%emt 0:00:01]} 17. exf5 {[%emt 0:00:02]} Rh8 {[%emt 0:00:01]} 18. a3 {[%emt 0:00:01]} Bh6 {[%emt 0:00:01]} 19. Bxh6 {[%emt 0:00:02]} Rxh6 {[%emt 0:00:00]} 20. b4 {[%emt 0:00:01]} Qd6 {[%emt 0:00:02]} 21. Ne4 {[%emt 0:00:07]} Qd5 {[%emt 0:00:02]} 22. c3 {[%emt 0:00:03]} Ne7 {[%emt 0:00:04]} 23. Qc2 {[%emt 0:00:01]} Bc6 {[%emt 0:00:01]} 24. Re1 {[%emt 0:00:19]} Qd8 {[%emt 0:00:01]} 25. Bg2 {[%emt 0:00:01]} Nd5 {[%emt 0:00:01]} 26. Rd1 {[%emt 0:00:01]} Qh8 {[%emt 0:00:01]} 27. Ng3 {[%emt 0:00:02]} Nf4 {[%emt 0:00:01]} 28. Rd2 {[%emt 0:00:02]} Nxg2 {[%emt 0:00:01]} 29. Kxg2 {[%emt 0:00:01]} Rh2+ {[%emt 0:00:01]} 30. Kf1 {[%emt 0:00:01]} Rxd2 {[%emt 0:00:01]} 31. Nxd2 {[%emt 0:00:01]} Bf3 {[%emt 0:00:00]} 32. Nxf3 {[%emt 0:00:01]} Qh3+ {[%emt 0:00:00]} 33. Qg2 {[%emt 0:00:00]} Qxg4 {[%emt 0:00:00]} 34. Kf2 {[%emt 0:00:00]} e4 {[%emt 0:00:01]} 35. Nh2 {[%emt 0:00:01]} Qf4+ {[%emt 0:00:01]} 36. Ke2 {[%emt 0:00:01]} Ng5 {[%emt 0:00:00]} 37. Nxe4 {[%emt 0:00:01]} Nxe4 {[%emt 0:00:01]} 38. Qg8+ {[%emt 0:00:01]} Kd7 {[%emt 0:00:00]} 39. Qe6+ {[%emt 0:00:01]} Kd8 {[%emt 0:00:01]} 40. Qg8+ {[%emt 0:00:00]} Ke7 {[%emt 0:00:01]} 41. Qe6+ {[%emt 0:00:00]} Kf8 {[%emt 0:00:01]} 42. Qxf6+ {[%emt 0:00:00]} Nxf6 {[%emt 0:00:01]} 43. Nf3 {[%emt 0:00:00]} Qxf3+ {[%emt 0:00:01] Czas partii (Lag: Av=0.46s, max=1.0s)} 0-1

[Event "Stay Safe Play From Home 277"]
[Site "Emanuel Lasker Arena"]
[Date "2020.07.05"]
[Round "8"]
[White "Haris kollari 13"]
[Black "Lazieri3"]
[Result "0-1"]
[WhiteElo "1823"]
[BlackElo "2069"]
[Annotator "NA"]
[PlyCount "56"]
[EventDate "2020.07.05"]
[EventType "swiss (blitz)"]

1. e4 {[%emt 0:00:01]} c6 {[%emt 0:00:00]} 2. Nf3 {[%emt 0:00:01]} d5 {[%emt 0:00:00]} 3. exd5 {[%emt 0:00:01]} cxd5 {[%emt 0:00:00]} 4. d4 {[%emt 0:00:00]} Nc6 {[%emt 0:00:00]} 5. c3 {[%emt 0:00:00]} Nf6 {[%emt 0:00:01]} 6. Bb5 {[%emt 0:00:01]} Bf5 {[%emt 0:00:01]} 7. Bf4 {[%emt 0:00:01]} e6 {[%emt 0:00:01]} 8. Nbd2 {[%emt 0:00:01]} Bd6 {[%emt 0:00:01]} 9. Bg3 {[%emt 0:00:01]} Bxg3 {[%emt 0:00:01]} 10. hxg3 {[%emt 0:00:02]} h6 {[%emt 0:00:00]} 11. Nh4 {[%emt 0:00:01]} Bh7 {[%emt 0:00:01]} 12. f4 {[%emt 0:00:01]} Ne4 {[%emt 0:00:01]} 13. Nxe4 {[%emt 0:00:07]} Bxe4 {[%emt 0:00:00]} 14. O-O {[%emt 0:00:01]} g5 {[%emt 0:00:03]} 15. Nf3 {[%emt 0:00:03]} gxf4 {[%emt 0:00:02]} 16. gxf4 {[%emt 0:00:01]} Qf6 {[%emt 0:00:01]} 17. Ne5 {[%emt 0:00:05]} Rc8 {[%emt 0:00:01]} 18. Ng4 {[%emt 0:00:10]} Qg7 {[%emt 0:00:03]} 19. Rf2 {[%emt 0:00:02]} h5 {[%emt 0:00:02]} 20. Ne5 {[%emt 0:00:01]} Rg8 {[%emt 0:00:02]} 21. Qe2 {[%emt 0:00:01]} h4 {[%emt 0:00:01]} 22. Kh2 {[%emt 0:00:02]} Qg3+ {[%emt 0:00:02]} 23. Kh1 {[%emt 0:00:08]} h3 {[%emt 0:00:01]} 24. Nf3 {[%emt 0:00:01]} hxg2+ {[%emt 0:00:06]} 25. Kg1 {[%emt 0:00:01]} Bxf3 {[%emt 0:00:09]} 26. Qxf3 {[%emt 0:00:02]} Qh4 {[%emt 0:00:02]} 27. Bxc6+ {[%emt 0:00:02]} bxc6 {[%emt 0:00:01]} 28. Rxg2 {[%emt 0:00:01]} Ke7 {[%emt 0:00:00] Time (Lag: Av=0.72s, max=0.9s)} 0-1

[Event "Stay Safe Play From Home 277"]
[Site "Emanuel Lasker Arena"]
[Date "2020.07.05"]
[Round "9"]
[White "Mepe_Nika"]
[Black "Rogan"]
[Result "1-0"]
[WhiteElo "2356"]
[BlackElo "2251"]
[PlyCount "61"]
[EventDate "2020.07.05"]
[EventType "swiss (blitz)"]

1. d4 {[%emt 0:00:01]} d5 {[%emt 0:00:00]} 2. Bf4 {[%emt 0:00:01]} c6 {[%emt 0:00:00]} 3. e3 {[%emt 0:00:00]} Qb6 {[%emt 0:00:00]} 4. Qc1 {[%emt 0:00:02]} Bf5 {[%emt 0:00:00]} 5. Nd2 {[%emt 0:00:01]} Nd7 {[%emt 0:00:02]} 6. Ngf3 {[%emt 0:00:01]} Ngf6 {[%emt 0:00:01]} 7. c4 {[%emt 0:00:01]} e6 {[%emt 0:00:00]} 8. Be2 {[%emt 0:00:01]} Bb4 {[%emt 0:00:02]} 9. Nh4 {[%emt 0:00:01]} Ne4 {[%emt 0:00:02]} 10. Nhf3 {[%emt 0:00:00]} Bg4 {[%emt 0:00:01]} 11. a3 {[%emt 0:00:07]} Bxf3 {[%emt 0:00:02]} 12. axb4 {[%emt 0:00:01]} Bxe2 {[%emt 0:00:04]} 13. Nxe4 {[%emt 0:00:03]} dxe4 {[%emt 0:00:03]} 14. Kxe2 {[%emt 0:00:02]} Qxb4 {[%emt 0:00:00]} 15. Rd1 {[%emt 0:00:02]} O-O {[%emt 0:00:01]} 16. Kf1 {[%emt 0:00:00]} Nb6 {[%emt 0:00:02]} 17. c5 {[%emt 0:00:03]} Nd5 {[%emt 0:00:01]} 18. Bd6 {[%emt 0:00:00]} Rfe8 {[%emt 0:00:02]} 19. Kg1 {[%emt 0:00:00]} a5 {[%emt 0:00:03]} 20. Qd2 {[%emt 0:00:01]} Qxd2 {[%emt 0:00:03]} 21. Rxd2 {[%emt 0:00:00]} Nb4 {[%emt 0:00:01]} 22. b3 {[%emt 0:00:02]} Nd3 {[%emt 0:00:01]} 23. Rda2 {[%emt 0:00:02]} e5 {[%emt 0:00:06]} 24. dxe5 {[%emt 0:00:03]} Nxe5 {[%emt 0:00:02]} 25. Rxa5 {[%emt 0:00:00]} Rxa5 {[%emt 0:00:01]} 26. Rxa5 {[%emt 0:00:00]} Nd3 {[%emt 0:00:08]} 27. Ra7 {[%emt 0:00:02]} h6 {[%emt 0:00:04]} 28. Kf1 {[%emt 0:00:03]} Ra8 {[%emt 0:00:00]} 29. Rxa8+ {[%emt 0:00:01]} Kh7 {[%emt 0:00:01]} 30. Rb8 {[%emt 0:00:01]} Kg6 {[%emt 0:00:00]} 31. Rxb7 {[%emt 0:00:01] Rogan resigns (Lag: Av=0.30s, max=0.7s)} 1-0

[Event "Stay Safe Play From Home 277"]
[Site "Emanuel Lasker Arena"]
[Date "2020.07.05"]
[Round "9"]
[White "Indianquant"]
[Black "Broken sword"]
[Result "0-1"]
[WhiteElo "2263"]
[BlackElo "2461"]
[PlyCount "90"]
[EventDate "2020.07.05"]
[EventType "swiss (blitz)"]

1. Nf3 {[%emt 0:00:02]} d5 {[%emt 0:00:01]} 2. d4 {[%emt 0:00:01]} c6 {[%emt 0:00:00]} 3. c4 {[%emt 0:00:01]} Nf6 {[%emt 0:00:00]} 4. e3 {[%emt 0:00:00]} Bg4 {[%emt 0:00:01]} 5. Nbd2 {[%emt 0:00:00]} e6 {[%emt 0:00:01]} 6. h3 {[%emt 0:00:00]} Bh5 {[%emt 0:00:01]} 7. g4 {[%emt 0:00:00]} Bg6 {[%emt 0:00:01]} 8. Ne5 {[%emt 0:00:00]} Nfd7 {[%emt 0:00:00]} 9. Nxg6 {[%emt 0:00:01]} hxg6 {[%emt 0:00:00]} 10. Bg2 {[%emt 0:00:00]} Nf6 {[%emt 0:00:00]} 11. Qe2 {[%emt 0:00:00]} Nbd7 {[%emt 0:00:01]} 12. a3 {[%emt 0:00:00]} Bd6 {[%emt 0:00:01]} 13. b3 {[%emt 0:00:00]} a5 {[%emt 0:00:01]} 14. Bb2 {[%emt 0:00:00]} Qe7 {[%emt 0:00:01]} 15. g5 {[%emt 0:00:05]} Nh5 {[%emt 0:00:01]} 16. h4 {[%emt 0:00:00]} f6 {[%emt 0:00:01]} 17. Qg4 {[%emt 0:00:02]} f5 {[%emt 0:00:03]} 18. Qe2 {[%emt 0:00:01]} b5 {[%emt 0:00:00]} 19. cxb5 {[%emt 0:00:02]} cxb5 {[%emt 0:00:01]} 20. Qxb5 {[%emt 0:00:00]} O-O {[%emt 0:00:00]} 21. Bf3 {[%emt 0:00:03]} Rfb8 {[%emt 0:00:01]} 22. Qe2 {[%emt 0:00:00]} Nf8 {[%emt 0:00:01]} 23. Bxh5 {[%emt 0:00:01]} gxh5 {[%emt 0:00:00]} 24. Qxh5 {[%emt 0:00:00]} g6 {[%emt 0:00:00]} 25. Qe2 {[%emt 0:00:01]} f4 {[%emt 0:00:01]} 26. Qg4 {[%emt 0:00:08]} fxe3 {[%emt 0:00:02]} 27. fxe3 {[%emt 0:00:01]} Qf7 {[%emt 0:00:02]} 28. Ke2 {[%emt 0:00:01]} Qf5 {[%emt 0:00:01]} 29. Qxf5 {[%emt 0:00:04]} exf5 {[%emt 0:00:00]} 30. h5 {[%emt 0:00:00]} gxh5 {[%emt 0:00:01]} 31. Rxh5 {[%emt 0:00:00]} Ng6 {[%emt 0:00:06]} 32. Rah1 {[%emt 0:00:01]} Rb7 {[%emt 0:00:02]} 33. Rh6 {[%emt 0:00:01]} Rg7 {[%emt 0:00:01]} 34. Bc3 {[%emt 0:00:02]} Bxa3 {[%emt 0:00:03]} 35. Ra1 {[%emt 0:00:01]} Be7 {[%emt 0:00:03]} 36. Rxa5 {[%emt 0:00:00]} Rxa5 {[%emt 0:00:01]} 37. Bxa5 {[%emt 0:00:01]} Bxg5 {[%emt 0:00:00]} 38. Rh5 {[%emt 0:00:00]} Nf8 {[%emt 0:00:05]} 39. Nf3 {[%emt 0:00:01]} Ne6 {[%emt 0:00:02]} 40. b4 {[%emt 0:00:05]} f4 {[%emt 0:00:01]} 41. b5 {[%emt 0:00:02]} fxe3 {[%emt 0:00:01]} 42. b6 {[%emt 0:00:01]} Bd8 {[%emt 0:00:01]} 43. Rxd5 {[%emt 0:00:01]} Nf4+ {[%emt 0:00:00]} 44. Kxe3 {[%emt 0:00:02]} Nxd5+ {[%emt 0:00:00]} 45. Ke4 {[%emt 0:00:00]} Nxb6 {[%emt 0:00:00]} 0-1

[Event "Stay Safe Play From Home 277"]
[Site "Emanuel Lasker Arena"]
[Date "2020.07.05"]
[Round "9"]
[White "Lazieri3"]
[Black "Lnram"]
[Result "0-1"]
[WhiteElo "2076"]
[BlackElo "2456"]
[PlyCount "72"]
[EventDate "2020.07.05"]
[EventType "swiss (blitz)"]

1. e4 {[%emt 0:00:02]} c5 {[%emt 0:00:01]} 2. Nc3 {[%emt 0:00:00]} e6 {[%emt 0:00:01]} 3. d3 {[%emt 0:00:00]} d6 {[%emt 0:00:01]} 4. Nf3 {[%emt 0:00:00]} Nc6 {[%emt 0:00:01]} 5. Bg5 {[%emt 0:00:01]} Be7 {[%emt 0:00:01]} 6. Bxe7 {[%emt 0:00:01]} Ngxe7 {[%emt 0:00:01]} 7. g3 {[%emt 0:00:01]} O-O {[%emt 0:00:01]} 8. Bg2 {[%emt 0:00:00]} d5 {[%emt 0:00:01]} 9. O-O {[%emt 0:00:00]} a6 {[%emt 0:00:01]} 10. exd5 {[%emt 0:00:01]} exd5 {[%emt 0:00:01]} 11. d4 {[%emt 0:00:01]} c4 {[%emt 0:00:01]} 12. h3 {[%emt 0:00:02]} b5 {[%emt 0:00:01]} 13. Ne2 {[%emt 0:00:01]} b4 {[%emt 0:00:01]} 14. c3 {[%emt 0:00:01]} a5 {[%emt 0:00:01]} 15. a3 {[%emt 0:00:01]} Bb7 {[%emt 0:00:02]} 16. axb4 {[%emt 0:00:01]} axb4 {[%emt 0:00:01]} 17. Qd2 {[%emt 0:00:02]} b3 {[%emt 0:00:01]} 18. Nf4 {[%emt 0:00:02]} Qd6 {[%emt 0:00:01]} 19. Rfe1 {[%emt 0:00:01]} h6 {[%emt 0:00:05]} 20. Rxa8 {[%emt 0:00:03]} Rxa8 {[%emt 0:00:01]} 21. Ne5 {[%emt 0:00:00]} Ra2 {[%emt 0:00:01]} 22. Nxc6 {[%emt 0:00:03]} Bxc6 {[%emt 0:00:01]} 23. Re2 {[%emt 0:00:05]} Ng6 {[%emt 0:00:04]} 24. Nxg6 {[%emt 0:00:01]} Qxg6 {[%emt 0:00:00]} 25. Kh2 {[%emt 0:00:06]} Qb1 {[%emt 0:00:04]} 26. h4 {[%emt 0:00:05]} Ra1 {[%emt 0:00:03]} 27. Qf4 {[%emt 0:00:10]} Bd7 {[%emt 0:00:05]} 28. g4 {[%emt 0:00:01]} Qg1+ {[%emt 0:00:01]} 29. Kh3 {[%emt 0:00:02]} h5 {[%emt 0:00:03]} 30. f3 {[%emt 0:00:03]} hxg4+ {[%emt 0:00:01]} 31. fxg4 {[%emt 0:00:00]} Rd1 {[%emt 0:00:00]} 32. Re7 {[%emt 0:00:02]} Rd3+ {[%emt 0:00:02]} 33. Qg3 {[%emt 0:00:00]} Rxg3+ {[%emt 0:00:01]} 34. Kxg3 {[%emt 0:00:00]} Be6 {[%emt 0:00:01]} 35. h5 {[%emt 0:00:01]} Qe1+ {[%emt 0:00:01]} 36. Kh2 {[%emt 0:00:01]} Qh4+ {[%emt 0:00:01] Time (Lag: Av=1.23s, max=2.1s)} 0-1

[Event "Stay Safe Play From Home 277"]
[Site "Emanuel Lasker Arena"]
[Date "2020.07.05"]
[Round "9"]
[White "The Next Contender"]
[Black "BrainThinker22"]
[Result "0-1"]
[WhiteElo "2018"]
[BlackElo "2410"]
[Annotator "NA"]
[PlyCount "100"]
[EventDate "2020.07.05"]
[EventType "swiss (blitz)"]

1. d4 {[%emt 0:00:03]} d5 {[%emt 0:00:01]} 2. c4 {[%emt 0:00:00]} e6 {[%emt 0:00:01]} 3. Nf3 {[%emt 0:00:01]} c5 {[%emt 0:00:00]} 4. g3 {[%emt 0:00:00]} Nc6 {[%emt 0:00:00]} 5. dxc5 {[%emt 0:00:01]} Bxc5 {[%emt 0:00:01]} 6. cxd5 {[%emt 0:00:00]} exd5 {[%emt 0:00:00]} 7. Bg2 {[%emt 0:00:01]} Nf6 {[%emt 0:00:00]} 8. O-O {[%emt 0:00:00]} O-O {[%emt 0:00:00]} 9. e3 {[%emt 0:00:00]} Re8 {[%emt 0:00:00]} 10. b3 {[%emt 0:00:01]} Bg4 {[%emt 0:00:00]} 11. Bb2 {[%emt 0:00:01]} Ne4 {[%emt 0:00:01]} 12. h3 {[%emt 0:00:01]} Bh5 {[%emt 0:00:01]} 13. Nbd2 {[%emt 0:00:02]} Nxf2 {[%emt 0:00:01]} 14. Rxf2 {[%emt 0:00:02]} Bxe3 {[%emt 0:00:01]} 15. g4 {[%emt 0:00:01]} Bg6 {[%emt 0:00:01]} 16. Qf1 {[%emt 0:00:01]} Qb6 {[%emt 0:00:01]} 17. Nh4 {[%emt 0:00:19]} Bd3 {[%emt 0:00:05]} 18. Qe1 {[%emt 0:00:02]} Bxf2+ {[%emt 0:00:04]} 19. Qxf2 {[%emt 0:00:00]} Qxf2+ {[%emt 0:00:00]} 20. Kxf2 {[%emt 0:00:00]} Re2+ {[%emt 0:00:00]} 21. Kg3 {[%emt 0:00:00]} Rxd2 {[%emt 0:00:00]} 22. Bc3 {[%emt 0:00:01]} Rc2 {[%emt 0:00:01]} 23. Be1 {[%emt 0:00:03]} Re8 {[%emt 0:00:01]} 24. Bf2 {[%emt 0:00:03]} Ree2 {[%emt 0:00:02]} 25. Bg1 {[%emt 0:00:03]} g5 {[%emt 0:00:01]} 26. Bf3 {[%emt 0:00:02]} gxh4+ {[%emt 0:00:01]} 27. Kxh4 {[%emt 0:00:00]} Re6 {[%emt 0:00:04]} 28. Bxd5 {[%emt 0:00:02]} Rh6+ {[%emt 0:00:01]} 29. Kg5 {[%emt 0:00:01]} Rg6+ {[%emt 0:00:01]} 30. Kh4 {[%emt 0:00:01]} Re2 {[%emt 0:00:05]} 31. Rd1 {[%emt 0:00:01]} Be4 {[%emt 0:00:04]} 32. Rf1 {[%emt 0:00:00]} Bxd5 {[%emt 0:00:02]} 33. Bd4 {[%emt 0:00:01]} Nxd4 {[%emt 0:00:01]} 34. Rd1 {[%emt 0:00:00]} Nf3+ {[%emt 0:00:01]} 35. Kg3 {[%emt 0:00:01]} Bc6 {[%emt 0:00:03]} 36. Rd8+ {[%emt 0:00:00]} Kg7 {[%emt 0:00:01]} 37. h4 {[%emt 0:00:00]} Nxh4 {[%emt 0:00:01]} 38. Kxh4 {[%emt 0:00:01]} Rh2+ {[%emt 0:00:00]} 39. Kg3 {[%emt 0:00:00]} Rg2+ {[%emt 0:00:00]} 40. Kf4 {[%emt 0:00:00]} R2xg4+ {[%emt 0:00:00]} 41. Ke3 {[%emt 0:00:00]} Re6+ {[%emt 0:00:01]} 42. Kd2 {[%emt 0:00:00]} Rg3 {[%emt 0:00:00]} 43. Kc2 {[%emt 0:00:00]} Be4+ {[%emt 0:00:01]} 44. Kb2 {[%emt 0:00:00]} Ra6 {[%emt 0:00:01]} 45. Rd4 {[%emt 0:00:01]} Rg2+ {[%emt 0:00:00]} 46. Kc3 {[%emt 0:00:00]} Rc2+ {[%emt 0:00:00]} 47. Kb4 {[%emt 0:00:00]} Bc6 {[%emt 0:00:00]} 48. Rd5 {[%emt 0:00:01]} Bxd5 {[%emt 0:00:01]} 49. a4 {[%emt 0:00:02]} Rb6+ {[%emt 0:00:00]} 50. Ka3 {[%emt 0:00:00]} Ra2+ {[%emt 0:00:00] Time (Lag: Av=0.68s, max=1.1s) .} 0-1

[Event "Stay Safe Play From Home 277"]
[Site "Emanuel Lasker Arena"]
[Date "2020.07.05"]
[Round "9"]
[White "NeatFox"]
[Black "SoulofWolf"]
[Result "0-1"]
[WhiteElo "1976"]
[BlackElo "2143"]
[PlyCount "96"]
[EventDate "2020.07.05"]
[EventType "swiss (blitz)"]

1. g4 {[%emt 0:00:07]} d5 {[%emt 0:00:00]} 2. Bg2 {[%emt 0:00:01]} c6 {[%emt 0:00:01]} 3. c4 {[%emt 0:00:00]} dxc4 {[%emt 0:00:02]} 4. Qa4 {[%emt 0:00:01]} Bxg4 {[%emt 0:00:01]} 5. Qxc4 {[%emt 0:00:00]} Be6 {[%emt 0:00:01]} 6. Qb4 {[%emt 0:00:00]} Qc7 {[%emt 0:00:01]} 7. Nc3 {[%emt 0:00:01]} Nd7 {[%emt 0:00:01]} 8. d4 {[%emt 0:00:01]} Nb6 {[%emt 0:00:01]} 9. Ne4 {[%emt 0:00:04]} Nf6 {[%emt 0:00:02]} 10. Nc5 {[%emt 0:00:01]} Bc8 {[%emt 0:00:01]} 11. Bg5 {[%emt 0:00:02]} Nfd5 {[%emt 0:00:01]} 12. Qd2 {[%emt 0:00:02]} e6 {[%emt 0:00:02]} 13. b4 {[%emt 0:00:02]} h6 {[%emt 0:00:01]} 14. Bh4 {[%emt 0:00:01]} Nc4 {[%emt 0:00:01]} 15. Qd1 {[%emt 0:00:03]} g5 {[%emt 0:00:01]} 16. Bg3 {[%emt 0:00:02]} Bg7 {[%emt 0:00:01]} 17. Bxc7 {[%emt 0:00:02]} Nxc7 {[%emt 0:00:00]} 18. Rc1 {[%emt 0:00:01]} b5 {[%emt 0:00:01]} 19. Nf3 {[%emt 0:00:03]} O-O {[%emt 0:00:01]} 20. Nd2 {[%emt 0:00:01]} Nb6 {[%emt 0:00:06]} 21. Bxc6 {[%emt 0:00:02]} Rb8 {[%emt 0:00:00]} 22. Bg2 {[%emt 0:00:02]} Bxd4 {[%emt 0:00:01]} 23. e3 {[%emt 0:00:01]} Bb2 {[%emt 0:00:02]} 24. Rc2 {[%emt 0:00:01]} Bg7 {[%emt 0:00:01]} 25. O-O {[%emt 0:00:01]} Nbd5 {[%emt 0:00:00]} 26. Nf3 {[%emt 0:00:01]} Nxb4 {[%emt 0:00:01]} 27. Rd2 {[%emt 0:00:01]} Ncd5 {[%emt 0:00:02]} 28. Nd4 {[%emt 0:00:02]} a6 {[%emt 0:00:01]} 29. Nc2 {[%emt 0:00:02]} Nxc2 {[%emt 0:00:03]} 30. Rxc2 {[%emt 0:00:00]} Nb4 {[%emt 0:00:01]} 31. Rd2 {[%emt 0:00:01]} e5 {[%emt 0:00:02]} 32. Rd3 {[%emt 0:00:02]} Nxd3 {[%emt 0:00:01]} 33. Qxd3 {[%emt 0:00:00]} Bg4 {[%emt 0:00:01]} 34. f3 {[%emt 0:00:02]} Bh5 {[%emt 0:00:01]} 35. Nd7 {[%emt 0:00:01]} Bg6 {[%emt 0:00:00]} 36. Qc3 {[%emt 0:00:03]} Rbc8 {[%emt 0:00:02]} 37. Qb4 {[%emt 0:00:01]} Rfd8 {[%emt 0:00:01]} 38. Nc5 {[%emt 0:00:01]} Bf8 {[%emt 0:00:01]} 39. Ne4 {[%emt 0:00:00]} Bxb4 {[%emt 0:00:01]} 40. Nf6+ {[%emt 0:00:00]} Kg7 {[%emt 0:00:01]} 41. Ne4 {[%emt 0:00:00]} Bxe4 {[%emt 0:00:01]} 42. fxe4 {[%emt 0:00:00]} Rd2 {[%emt 0:00:01]} 43. Rb1 {[%emt 0:00:00]} Rcc2 {[%emt 0:00:02]} 44. Bf3 {[%emt 0:00:00]} Bc5 {[%emt 0:00:01]} 45. Kf1 {[%emt 0:00:00]} Bxe3 {[%emt 0:00:01]} 46. Re1 {[%emt 0:00:00]} Rf2+ {[%emt 0:00:00]} 47. Kg1 {[%emt 0:00:01]} Bd4 {[%emt 0:00:00]} 48. Kh1 {[%emt 0:00:00]} Rxh2# {[%emt 0:00:00] (Lag: Av=0.32s, max=0.5s)} 0-1